000 00710nam a22002057a 4500
999 _c7989
_d7989
003 AR-CdUCM
008 190321b ||||| |||| 00| 0 spa d
040 _aMUNICIPALIDAD PROVINCIAL DEL CUSCO
_cBIBLIOTECA MUNICIPAL DEL CUSCO
082 _a530 /
_bS47
100 _aSholkin, K. I.
_922571
245 _aFísica del micromundo /
260 _aMoscu :
_bMir,
_c1972.
300 _a346 paginas ;
_c18 cm.
505 _aContenido :El átomo de hidrógeno -- Espectro del átomo de hidrógeno -- Momentos magnéticos -- Hiperones -- Rionicas ...
650 _aCiencias puras
_920725
650 _aÁtomos
_918683
700 _aGuerrero, Gabriel Esteban (traductor)
_922572
942 _2ddc
_cLIBROS
945 _arum